[Event "GER-ch Net blitz qual1"]
[Site "Playchess.com INT"]
[Date "2020.03.07"]
[Round "5"]
[White "Bach, Oliver"]
[Black "Killus, Anastasios"]
[Result "1/2-1/2"]
[WhiteElo "1738"]
[BlackElo "1589"]
[PlyCount "70"]
[EventDate "2020.03.07"]
[EventType "swiss (blitz)"]
[EventRounds "9"]
[EventCountry "GER"]
[SourceTitle "CBM 195 Extra"]
[Source "ChessBase"]
[SourceDate "2020.05.31"]
[SourceVersion "1"]
[SourceVersionDate "2020.05.31"]
[SourceQuality "1"]

1. d4 Nf6 2. Nf3 d5 3. c4 c6 4. Nc3 Bf5 5. Bg5 e6 6. cxd5 exd5 7. e3 Be7 8. g3 h6 9. Bxf6 Bxf6 10. Bg2 0-0 11. 0-0 Nd7 12. Rc1 Qb6 13. Qd2 Bh7 14. Rfe1 Qc7 15. Nxd5 Qd6 16. Nxf6+ Nxf6 17. Ne5 Be4 18. Bxe4 Nxe4 19. Qd3 Nf6 20. Qf5 Rfd8 21. Ng4 Nxg4 22. Qxg4 Qf6 23. Rc5 Rd5 24. Rxd5 cxd5 25. Rc1 Qd6 26. Rc8+ Rxc8 27. Qxc8+ Kh7 28. Qxb7 a6 29. Kg2 f6 30. b4 Qe6 31. Qc7 Qe4+ 32. Kf1 Qd3+ 33. Kg2 Qe4+ 34. Kh3 Qf5+ 35. Kg2 Qe4+ 1/2-1/2

[Event "GER-ch Net blitz qual1"]
[Site "Playchess.com INT"]
[Date "2020.03.07"]
[Round "9"]
[White "Killus, Anastasios"]
[Black "Bock, Felix"]
[Result "1/2-1/2"]
[WhiteElo "1589"]
[BlackElo "1620"]
[PlyCount "23"]
[EventDate "2020.03.07"]
[EventType "swiss (blitz)"]
[EventRounds "9"]
[EventCountry "GER"]
[SourceTitle "CBM 195 Extra"]
[Source "ChessBase"]
[SourceDate "2020.05.31"]
[SourceVersion "1"]
[SourceVersionDate "2020.05.31"]
[SourceQuality "1"]

1. e4 e5 2. f4 f6 3. f5 Bc5 4. Qh5+ Ke7 5. Bc4 Nh6 6. d4 Bxd4 7. Bxh6 gxh6 8. Qf7+ Kd6 9. Qd5+ Ke7 10. Qf7+ Kd6 11. Qd5+ Ke7 12. Qf7+ 1/2-1/2

[Event "GER-ch Net blitz qual1"]
[Site "Playchess.com INT"]
[Date "2020.03.07"]
[Round "7"]
[White "Kottke, Steffen"]
[Black "Killus, Anastasios"]
[Result "1-0"]
[WhiteElo "1928"]
[BlackElo "1589"]
[PlyCount "25"]
[EventDate "2020.03.07"]
[EventType "swiss (blitz)"]
[EventRounds "9"]
[EventCountry "GER"]
[SourceTitle "CBM 195 Extra"]
[Source "ChessBase"]
[SourceDate "2020.05.31"]
[SourceVersion "1"]
[SourceVersionDate "2020.05.31"]
[SourceQuality "1"]

1. e4 c5 2. d4 cxd4 3. c3 b6 4. cxd4 Bb7 5. Nc3 d6 6. f4 e6 7. Nf3 a6 8. Bd3 Nd7 9. 0-0 Be7 10. f5 Ngf6 11. fxe6 fxe6 12. Ng5 0-0 13. Nxe6 1-0